[Event "Santo Domingo Autumn op"]
[Site "Santo Domingo"]
[Date "2016.10.07"]
[Round "1"]
[White "Martinez Castillo, Julio Antonio"]
[Black "Diaz Viloria, Maximo Alexander"]
[Result "1-0"]
[WhiteElo "2143"]
[BlackElo "1797"]
[PlyCount "49"]
[EventDate "2016.10.07"]
[EventType "swiss"]
[EventRounds "8"]
[EventCountry "DOM"]
[SourceTitle "CBM 175 Extra"]
[Source "ChessBase"]
[SourceDate "2016.12.12"]
[SourceVersion "1"]
[SourceVersionDate "2016.12.12"]
[SourceQuality "1"]

1. e4 e5 2. f4 exf4 3. Bc4 Qh4+ 4. Kf1 d6 5. Nf3 Qf6 6. Nc3 Be6 7. Bb3 c6 8. d4 Nd7 9. d5 Bg4 10. dxc6 bxc6 11. Ne2 g5 12. Ned4 Ne5 13. Qe1 Ne7 14. Qa5 c5 15. Nxe5 Qxe5 16. Ba4+ Bd7 17. Bxd7+ Kxd7 18. Qa4+ Kd8 19. Nf3 Qf6 20. Bd2 Qxb2 21. Kf2 Ng6 22. Rab1 Qf6 23. Ba5+ Ke7 24. Rb7+ Ke6 25. Qd7# 1-0